Szegedi tornászok sikerei [2 fényképpel]

Elmentve itt :
Bibliográfiai részletek
Dokumentumtípus: Cikk
Megjelent: 1963-05-31
Sorozat:Délmagyarország 53 No. 125
Kulcsszavak:Szarvas Vilmos, Czeisz Gabriella, Sport torna Szeged, torna
Online Access:http://dmarchiv.bibl.u-szeged.hu/70473
LEADER 00462nab a2200145 i 4500
001 delm70473
005 20180927153758.0
008 180927s1963 hu o 0|| hun d
040 |a SZTE Délmagyarország Archívum  |b hun 
041 |a hun 
245 0 0 |a Szegedi tornászok sikerei   |h [elektronikus dokumentum] :  |b [2 fényképpel] 
260 |c 1963-05-31 
300 |a 6 
490 0 |a Délmagyarország  |v 53 No. 125 
695 |a Szarvas Vilmos, Czeisz Gabriella, Sport torna Szeged, torna